00434cam a22001572 4500001001100000005001700011008004100028020001700069040001500086050001600101100002800117245004100145260004200186300001100228650003700239000000508320151217151952.0070606s xx 000 0 eng d a0408003553 : aKABUcKABU 0aTA705b.B451 aBell, F. G.@000015615810aEngineering geology and geotechnics. aLondon :bNewnes-Butterworths,c1980. a497 p. 0aEngineering geology.@0000156159